Sliač

Zobrazenie: Na farebnom podklade pohľady na liečebné domy a minerálne pramene

Bibliographic Details
Other Authors: Tarábek, Ján, 1978- (Photographer)
Format: Photo
Language:Slovak
PhysicalDescription:1 pohľadnica (5 čiastkových pohľadov) farebná 11 x 15 cm
Published: [Nitra] FOTAR [1998?]
Subjects:

MARC

LEADER 00000ckm a2200000 a 4500
001 vtls001330860
003 SK-MaSNL
005 20260331203322.0
007 kf co
008 230706q1998 xo g 0kuslo
015 |a SNBG1999/01-00109 
035 |a SNK000283733 
035 |a urn:nbn:sk:snk-km3lvui 
035 |a 11CEEE76-0642-48A5-A702-BBEF8ECC3619 
035 |a urn:nbn:sk:snk-km00drud 
040 |a SNK  |b slo  |c SNK  |e AACR2 
041 0 |a slo 
043 |a e-xo--- 
044 |a xo  |c SK 
072 7 |a 913  |x Regionálna geografia  |2 konspekt 
080 |a 908.437.656(084.121)  |2 1981 
080 |a 913(437.6)  |2 2011 
080 |a (084.121)  |2 2011 
080 |a 711.455:615.838  |2 2011 
080 |a 614.2:[725.1:614.21]  |2 2011 
080 |a 553.7  |2 2011 
100 1 |a Tarábek, Ján,  |d 1978-  |4 pht  |9 178454 
245 1 0 |a Sliač  |h grafika  |c foto Ján Tarábek 
246 1 |i Názov na adresnej časti:  |a Sliač 
260 |a [Nitra]  |b FOTAR  |c [1998?]  |e Skalica  |f Grafobal 
300 |a 1 pohľadnica (5 čiastkových pohľadov)  |b farebná  |c 11 x 15 cm 
500 |a Rok vydania určený na základe prírastkového čísla 
500 |a Názvové údaje prevzaté z obrazovej časti pohľadnice 
500 |a Na adresnej časti pohľadnice uvedené: Sliač - kúpeľné mesto vo Zvolenskej kotline. Najstaršia zmienka o min. prameňoch je z r. 1244, liečebným účelom začali slúžiť r. 1657. Prvý kúpeľný hotel - dnešný liečebný dom Bratislava z r. 1812. V súč. sa v kúpeľoch liečia choroby obehového ústrojenstva 
500 |a Na adresnej časti uvedené: "FOTO © Ján Tarábek" 
520 8 |a Zobrazenie: Na farebnom podklade pohľady na liečebné domy a minerálne pramene 
610 2 7 |a Kúpele Sliač (Slovensko)  |2 SNKKA  |9 174835 
650 0 7 |a kúpele  |2 SNKPH  |9 1139 
650 0 7 |a liečebne  |2 SNKPH  |9 56920 
650 0 7 |a minerálne pramene  |2 SNKPH  |9 85546 
651 7 |a Sliač (Slovensko)  |2 SNKPHgeo  |9 17143 
655 7 |a miestne pohľadnice  |2 SNKPH  |9 70510 
852 |a Slovenská národná knižnica 
958 |a GBN 
958 |a TL 
958 |a GC 
958 |a OND 
999 |c 976191  |d 978121 
952 |t P60, <03>, [BOOK], {603}  |a SNK  |b SNK  |y PREZ  |7 0  |p 17A1296797  |o snkSP 148449  |i snkPV 479/98  |0 0  |1 0  |4 0  |d 1998-05-13  |f 1  |l 0  |r 2005-01-02 00:00:00  |w 2026-02-24 
952 |t P60, <04>, [BOOK], {604}  |a SNK  |b SNK  |y PREZ  |7 0  |p 17A1298289  |o snkSP 148449 D1  |i snkPV 480/98  |0 0  |1 0  |4 0  |d 1998-05-13  |l 0  |r 2005-01-02 00:00:00  |w 2026-02-24